000
00353 a2200169 4500
001
162515
020
_a
85-08-05749-0
040
_c
Magnum
100
_a
Bandeira, Pedro
240
1
0
_a
Brincadeira mortal
_l
por
245
1
0
_a
Brincadeira mortal
300
_a
78
362
0
_a
1996
440
1
_a
Ática
697
_a
LITERATURA JUVENIL
942
_c
BK
999
_c
162515
_d
162515